[Event "Warsaw-ch 68th"]
[Site "Warsaw"]
[Date "2019.11.17"]
[Round "6"]
[White "Korcz, Daniel"]
[Black "Piotrowski, Arkadiusz"]
[Result "1-0"]
[WhiteElo "1807"]
[BlackElo "1962"]
[PlyCount "139"]
[EventDate "2019.11.12"]
[EventType "swiss"]
[EventRounds "9"]
[EventCountry "POL"]
[SourceTitle "CBM 193 Extra"]
[Source "ChessBase"]
[SourceDate "2020.01.31"]
[SourceVersion "1"]
[SourceVersionDate "2020.01.31"]
[SourceQuality "1"]

1. e4 c5 2. Nf3 d6 3. d4 cxd4 4. Nxd4 Nf6 5. f3 g6 6. c4 Bg7 7. Be3 Nc6 8. Nc3 Bd7 9. Qd2 h5 10. Nc2 Qa5 11. a3 0-0 12. b4 Qd8 13. Be2 Re8 14. 0-0 Rc8 15. Rac1 Ne5 16. c5 dxc5 17. Bxc5 b6 18. Be3 Nc4 19. Bxc4 Rxc4 20. Nd4 Qc8 21. Ncb5 Rxc1 22. Rxc1 Qb8 23. Nc6 Bxc6 24. Rxc6 Rd8 25. Qc2 Qe5 26. Rc8 Qa1+ 27. Qc1 Qxc1+ 28. Rxc1 Rd3 29. Kf2 a6 30. Rc8+ Kh7 31. Nc7 Rxa3 32. Bxb6 Nd7 33. Ba5 Ra2+ 34. Kg3 Be5+ 35. Kh3 Nf6 36. Nxa6 g5 37. Rc5 g4+ 38. fxg4 hxg4+ 39. Kh4 Bd6 40. Rf5 Rxg2 41. e5 Rxh2+ 42. Kg3 Rh3+ 43. Kg2 Kg6 44. Rxf6+ exf6 45. exd6 Rd3 46. Bc7 f5 47. Nc5 Rd2+ 48. Kf1 Kf6 49. Bd8+ Ke5 50. d7 Rd1+ 51. Ke2 Rd5 52. Bc7+ Kd4 53. d8Q Rxd8 54. Bxd8 Kc4 55. Nd3 f4 56. Be7 f3+ 57. Kf2 f5 58. Nf4 Kb5 59. Bd6 Kc4 60. Kg3 Kb5 61. Nd3 Kc4 62. Nf2 Kb5 63. Kf4 Kc4 64. Nh1 Kb5 65. Bf8 Kc4 66. Ng3 Kb5 67. Kxf5 f2 68. Kxg4 Kc4 69. Kf3 f1Q+ 70. Nxf1 1-0

[Event "Litomysl op 20th"]
[Site "Litomysl"]
[Date "2018.12.29"]
[Round "6"]
[White "Bastyr, Pavel"]
[Black "Korcz, Daniel"]
[Result "0-1"]
[WhiteElo "1432"]
[BlackElo "1832"]
[PlyCount "56"]
[EventDate "2018.12.26"]
[EventType "swiss"]
[EventRounds "9"]
[EventCountry "CZE"]
[SourceTitle "CBM 188 Extra"]
[Source "ChessBase"]
[SourceDate "2019.02.26"]
[SourceVersion "1"]
[SourceVersionDate "2019.02.26"]
[SourceQuality "1"]

1. d4 d5 2. c4 e6 3. Nc3 Bb4 4. Qc2 Nf6 5. Bg5 0-0 6. e3 Nbd7 7. Bd3 h6 8. Bh4 c5 9. Nf3 cxd4 10. Nxd4 e5 11. Nb3 Qc7 12. Nd2 d4 13. Nce4 Nxe4 14. Bxe4 dxe3 15. fxe3 Qb6 16. Bf2 Nf6 17. 0-0-0 Bc5 18. Rhe1 Ng4 19. Nf1 Be6 20. Bd5 Rac8 21. Bg1 Qa6 22. Qb3 Bxd5 23. Rxd5 Bb4 24. Nd2 Bxd2+ 25. Kxd2 Rxc4 26. h3 Nf6 27. Rxe5 Rd8+ 28. Ke2 Rc5+ 0-1

[Event "POL-chT 2nd League"]
[Site "Szklarska Poreba"]
[Date "2017.09.06"]
[Round "5.11"]
[White "Krasiewicz, Robert"]
[Black "Korcz, Daniel"]
[Result "1-0"]
[WhiteElo "2005"]
[BlackElo "1790"]
[PlyCount "94"]
[EventDate "2017.09.02"]
[EventType "team-swiss"]
[EventRounds "9"]
[EventCountry "POL"]
[SourceTitle "CBM 180 Extra"]
[Source "ChessBase"]
[SourceDate "2017.10.06"]
[SourceVersion "1"]
[SourceVersionDate "2017.10.06"]
[SourceQuality "1"]
[WhiteTeam "Zielonka Zieloni"]
[BlackTeam "Jaworzno"]
[WhiteTeamCountry "POL"]
[BlackTeamCountry "POL"]

1. c4 c5 2. g3 g6 3. Bg2 Bg7 4. Nc3 Nc6 5. e4 e6 6. d3 Nge7 7. Be3 d6 8. Qd2 Nd4 9. Nge2 Nec6 10. 0-0 0-0 11. Rab1 Rb8 12. Kh1 a6 13. a4 Nb3 14. Qd1 Nbd4 15. f4 Nxe2 16. Nxe2 b5 17. e5 Nb4 18. axb5 axb5 19. Nc3 bxc4 20. dxc4 dxe5 21. Bxc5 Qxd1 22. Rfxd1 Re8 23. Bd6 Rb6 24. c5 Ra6 25. fxe5 Bd7 26. Ne4 Bc6 27. Rd4 Nc2 28. Rd3 Rea8 29. Nf6+ Bxf6 30. Bxc6 Rxc6 31. exf6 Nb4 32. Ra3 Re8 33. Ra4 Nd5 34. Rba1 Nxf6 35. b4 Nd7 36. b5 Rxc5 37. Bxc5 Nxc5 38. Ra8 Kf8 39. b6 e5 40. R1a5 Rxa8 41. Rxa8+ Ke7 42. b7 Nxb7 43. Ra7 h5 44. Kg2 f5 45. h4 Kf6 46. Rxb7 f4 47. gxf4 exf4 1-0

[Event "Poznan op 24th"]
[Site "Poznan"]
[Date "2016.08.13"]
[Round "7"]
[White "Korcz, Daniel"]
[Black "Zurawski, Kamil"]
[Result "1-0"]
[WhiteElo "1779"]
[BlackElo "1701"]
[PlyCount "79"]
[EventDate "2016.08.08"]
[EventType "swiss"]
[EventRounds "9"]
[EventCountry "POL"]
[SourceTitle "CBM 173 Extra"]
[Source "ChessBase"]
[SourceDate "2016.08.29"]
[SourceVersion "1"]
[SourceVersionDate "2016.08.29"]
[SourceQuality "1"]

1. e4 c5 2. Nf3 Nc6 3. d4 cxd4 4. Nxd4 Nf6 5. Nc3 e5 6. Ndb5 d6 7. Bg5 a6 8. Na3 b5 9. Bxf6 gxf6 10. Nd5 Bg7 11. c3 0-0 12. Nc2 Ne7 13. Nce3 Nxd5 14. Nxd5 f5 15. exf5 Bxf5 16. Bd3 Bg6 17. Bxg6 fxg6 18. 0-0 Rc8 19. a4 Rf7 20. axb5 axb5 21. Qb3 Rb8 22. Ra6 Kh8 23. Nb4 Qf8 24. Qd5 Rf6 25. f3 Bh6 26. Rfa1 Be3+ 27. Kh1 Qh6 28. Rxd6 Bf4 29. h3 Rff8 30. Nd3 Bg3 31. Rd7 Qg5 32. Raa7 Qh6 33. Qe4 b4 34. Qe3 Qh4 35. Qg5 Rfd8 36. Qxh4 Bxh4 37. Rxh7+ Kg8 38. Rag7+ Kf8 39. Nxe5 bxc3 40. Nxg6+ 1-0

[Event "Poznan op 24th"]
[Site "Poznan"]
[Date "2016.08.11"]
[Round "4"]
[White "Piechocki, Bronislaw"]
[Black "Korcz, Daniel"]
[Result "0-1"]
[WhiteElo "1466"]
[BlackElo "1779"]
[PlyCount "52"]
[EventDate "2016.08.08"]
[EventType "swiss"]
[EventRounds "9"]
[EventCountry "POL"]
[SourceTitle "CBM 173 Extra"]
[Source "ChessBase"]
[SourceDate "2016.08.29"]
[SourceVersion "1"]
[SourceVersionDate "2016.08.29"]
[SourceQuality "1"]

1. Nf3 d5 2. g3 Nf6 3. Bg2 g6 4. 0-0 Bg7 5. d3 0-0 6. c3 c5 7. Bd2 Nc6 8. Qc1 Re8 9. Bh6 Bh8 10. c4 d4 11. a3 Rb8 12. Qe1 b6 13. b4 e5 14. bxc5 bxc5 15. a4 Nb4 16. Na3 e4 17. dxe4 Nxe4 18. Rb1 Nc3 19. Rb2 d3 20. Be3 dxe2 21. Rxe2 Nd3 22. Qd2 Nxe2+ 23. Qxe2 Rb7 24. Qd1 Bf5 25. Nb5 a6 26. Nc3 Bxc3 0-1

[Event "EU-ch rapid"]
[Site "Wroclaw"]
[Date "2014.12.20"]
[Round "1"]
[White "Grigoriants, Sergey"]
[Black "Korcz, Daniel"]
[Result "1-0"]
[WhiteElo "2570"]
[BlackElo "1741"]
[PlyCount "37"]
[EventDate "2014.12.20"]
[EventType "swiss (rapid)"]
[EventRounds "11"]
[EventCountry "POL"]
[SourceTitle "CBM 164 Extra"]
[Source "ChessBase"]
[SourceDate "2015.03.02"]
[SourceVersion "1"]
[SourceVersionDate "2015.03.02"]
[SourceQuality "1"]

1. e4 e5 2. Nf3 Nc6 3. Bb5 a6 4. Ba4 Nf6 5. 0-0 b5 6. Bb3 Be7 7. a4 Bb7 8. d3 0-0 9. Nc3 b4 10. Ne2 a5 11. Ng3 d5 12. exd5 Nxd5 13. Re1 Bf6 14. Nh5 Re8 15. Bh6 Nd4 16. Nxd4 exd4 17. Rxe8+ Qxe8 18. Bxd5 Bxd5 19. Nxf6+ 1-0

[Event "Katowice POL-HUN 2nd"]
[Site "Katowice"]
[Date "2014.03.29"]
[Round "1"]
[White "Korcz, Daniel"]
[Black "Tazbir, Marcin"]
[Result "0-1"]
[WhiteElo "1777"]
[BlackElo "2533"]
[PlyCount "62"]
[EventDate "2014.03.29"]
[EventType "swiss (rapid)"]
[EventRounds "9"]
[EventCountry "POL"]
[SourceTitle "EXT 2015"]
[Source "ChessBase"]
[SourceDate "2014.11.20"]
[SourceVersion "1"]
[SourceVersionDate "2014.11.20"]
[SourceQuality "1"]

1. e4 c6 2. d4 d5 3. Nc3 dxe4 4. Nxe4 Nf6 5. Ng5 Bf5 6. Bc4 e6 7. Ne2 h6 8. Nf3 Nbd7 9. Ng3 Bg6 10. 0-0 Qc7 11. Qe2 0-0-0 12. Ne5 Nxe5 13. dxe5 Nd7 14. f4 Nb6 15. Bb3 c5 16. c3 Bd3 17. Qg4 Bxf1 18. Nxf1 g6 19. Be3 c4 20. Bc2 Bc5 21. Qf3 Bxe3+ 22. Qxe3 Kb8 23. Nd2 Nd5 24. Qf2 g5 25. b3 cxb3 26. axb3 Qb6 27. Qxb6 axb6 28. Nc4 gxf4 29. Nd6 Rd7 30. c4 Ne3 31. Be4 Ng4 0-1

[Event "EU-ch 14th"]
[Site "Legnica"]
[Date "2013.05.11"]
[Round "7"]
[White "Korcz, Daniel"]
[Black "Krnic, Ivan"]
[Result "0-1"]
[WhiteElo "1855"]
[BlackElo "2166"]
[PlyCount "54"]
[EventDate "2013.05.05"]
[EventType "swiss"]
[EventRounds "11"]
[EventCountry "POL"]
[SourceTitle "CBM 155"]
[Source "ChessBase"]
[SourceDate "2013.07.16"]
[SourceVersion "1"]
[SourceVersionDate "2013.07.16"]
[SourceQuality "1"]

1. e4 c5 2. Nf3 g6 3. d4 cxd4 4. Nxd4 Bg7 5. Nc3 Nc6 6. Be3 Nf6 7. Qd2 0-0 8. f3 d5 9. Nxd5 Nxd5 10. exd5 Qxd5 11. Nxc6 Qxc6 12. 0-0-0 Bf5 13. Bd3 Rfd8 14. Qe2 Qf6 15. c3 Rdc8 16. Bxf5 Qxf5 17. Qd3 Qa5 18. Kb1 b5 19. Qe4 Rab8 20. Rd7 b4 21. Rxa7 Qb5 22. Qxe7 Qf5+ 23. Qe4 bxc3 24. Qxf5 Rxb2+ 25. Kc1 gxf5 26. Ra3 c2 27. Rb3 Rxa2 0-1

[Event "EU-ch 14th"]
[Site "Legnica"]
[Date "2013.05.08"]
[Round "4"]
[White "Korcz, Daniel"]
[Black "Machan, Jan"]
[Result "0-1"]
[WhiteElo "1855"]
[BlackElo "2173"]
[PlyCount "70"]
[EventDate "2013.05.05"]
[EventType "swiss"]
[EventRounds "11"]
[EventCountry "POL"]
[SourceTitle "CBM 155"]
[Source "ChessBase"]
[SourceDate "2013.07.16"]
[SourceVersion "1"]
[SourceVersionDate "2013.07.16"]
[SourceQuality "1"]

1. e4 e6 2. d4 d5 3. Nc3 Bb4 4. e5 c5 5. f4 Qa5 6. Bd2 Bd7 7. a3 Bxc3 8. Bxc3 Qb6 9. dxc5 Qxc5 10. Bd4 Qc7 11. Nf3 Nc6 12. Bc3 Nge7 13. Bd3 Qb6 14. Qd2 d4 15. Bb4 Nd5 16. c3 dxc3 17. bxc3 Ncxb4 18. cxb4 Rc8 19. Be4 Nc3 20. Bd3 0-0 21. Qf2 Qxf2+ 22. Kxf2 Nd5 23. g3 Rc3 24. Rhd1 Ba4 25. Rd2 Rfc8 26. Ng5 Bc2 27. Bxc2 Rxc2 28. Ra2 Rxd2+ 29. Rxd2 Rc3 30. Ra2 b6 31. Ne4 Rc1 32. Ke2 Rc4 33. Kd3 Rxe4 34. Rc2 Re3+ 35. Kd4 h5 0-1

[Event "EU-ch 14th"]
[Site "Legnica"]
[Date "2013.05.06"]
[Round "2"]
[White "Petrisor, Adrian Marian"]
[Black "Korcz, Daniel"]
[Result "1-0"]
[WhiteElo "2378"]
[BlackElo "1855"]
[PlyCount "57"]
[EventDate "2013.05.05"]
[EventType "swiss"]
[EventRounds "11"]
[EventCountry "POL"]
[SourceTitle "CBM 155"]
[Source "ChessBase"]
[SourceDate "2013.07.16"]
[SourceVersion "1"]
[SourceVersionDate "2013.07.16"]
[SourceQuality "1"]

1. e4 e5 2. Nf3 Nc6 3. Bb5 a6 4. Ba4 Nf6 5. d3 b5 6. Bb3 Bc5 7. c3 d6 8. Nbd2 0-0 9. 0-0 h6 10. Re1 Bg4 11. Nf1 Bb6 12. h3 Be6 13. Ng3 Na5 14. Bc2 c5 15. Nh4 Nc6 16. Qf3 Nh7 17. Nhf5 Ne7 18. Nh5 Bxf5 19. exf5 g5 20. Bb3 Qd7 21. g4 Kh8 22. a4 Qc6 23. Qxc6 Nxc6 24. Bd5 Rac8 25. axb5 Ne7 26. Bb7 Rc7 27. bxa6 c4 28. dxc4 Rxc4 29. Be3 1-0